<?xml version="1.0" encoding="UTF-8"?>
<record
    xmlns:xsi="http://www.w3.org/2001/XMLSchema-instance"
    xsi:schemaLocation="http://www.loc.gov/MARC21/slim http://www.loc.gov/standards/marcxml/schema/MARC21slim.xsd"
    xmlns="http://www.loc.gov/MARC21/slim">

  <leader>00630nam a2200169 a 4500</leader>
  <controlfield tag="001">4393</controlfield>
  <controlfield tag="003">CDMR</controlfield>
  <controlfield tag="005">20131030135130.0</controlfield>
  <controlfield tag="008">130130s1993||||||||||||||||||||||||||||d</controlfield>
  <datafield tag="040" ind1=" " ind2=" ">
    <subfield code="a">CDMR</subfield>
    <subfield code="b">cat</subfield>
    <subfield code="c">CDMR</subfield>
  </datafield>
  <datafield tag="110" ind1=" " ind2=" ">
    <subfield code="9">3014</subfield>
    <subfield code="a">Asociaci&#xF3;n de Reporteros Gr&#xE1;ficos de la Rep&#xFA;blica Argentina</subfield>
  </datafield>
  <datafield tag="245" ind1="1" ind2="3">
    <subfield code="a">El periodismo gr&#xE1;fico argentino</subfield>
    <subfield code="b">: XI Muestra de la Asociaci&#xF3;n de Reporteros Gr&#xE1;ficos de la Rep&#xFA;blica Argentina</subfield>
    <subfield code="c">Asociaci&#xF3;n de Reporteros Gr&#xE1;ficos de la Rep&#xFA;blica Argentina</subfield>
  </datafield>
  <datafield tag="260" ind1=" " ind2=" ">
    <subfield code="a">s.l.</subfield>
    <subfield code="c">1993</subfield>
    <subfield code="b">s.e.</subfield>
  </datafield>
  <datafield tag="650" ind1="0" ind2="4">
    <subfield code="9">3679</subfield>
    <subfield code="a">Fotoperiodisme</subfield>
    <subfield code="x">Exposicions</subfield>
  </datafield>
  <datafield tag="650" ind1="0" ind2="4">
    <subfield code="9">3744</subfield>
    <subfield code="a">Premsa</subfield>
    <subfield code="z">Argentina</subfield>
  </datafield>
  <datafield tag="942" ind1=" " ind2=" ">
    <subfield code="c">MON</subfield>
    <subfield code="2">ddc</subfield>
  </datafield>
  <datafield tag="999" ind1=" " ind2=" ">
    <subfield code="c">4393</subfield>
    <subfield code="d">4393</subfield>
  </datafield>
  <datafield tag="952" ind1=" " ind2=" ">
    <subfield code="0">0</subfield>
    <subfield code="1">0</subfield>
    <subfield code="4">0</subfield>
    <subfield code="7">0</subfield>
    <subfield code="8">UPIFC</subfield>
    <subfield code="a">CDMR</subfield>
    <subfield code="b">CDMR</subfield>
    <subfield code="d">2013-01-16</subfield>
    <subfield code="l">0</subfield>
    <subfield code="p">40824639022013011612</subfield>
    <subfield code="r">2013-01-16</subfield>
    <subfield code="w">2013-01-16</subfield>
    <subfield code="y">MON</subfield>
  </datafield>
</record>
